000 005980000a22001810004500
003 MACL
005 20160611150439.0
008 160611b xxu||||| |||| 00| 0 eng d
040 _aMACL
_cmacl
041 _aHindi
082 _a320
100 _aभटटाचार्य, मालिनी
_949501
245 _aअयोध्‍या : कुछ सवाल
_cमालिनी भटटाचार्य
260 _bसारांश प्रकाशन
_c1994
_aनई दिल्‍ली
350 _a250
650 _aPolitical Science
_964391
942 _cHIN
_k320
_2ddc
999 _c30426
_d30426